| 000 | 00377nam a22001337a 4500 | ||
|---|---|---|---|
| 999 |
_c2000 _d2000 |
||
| 008 | 200210b ||||| |||| 00| 0 eng d | ||
| 100 |
_91608 _aKothandaram, C.P. |
||
| 245 | 1 | 0 |
_aFundamentals of heat and mass transfer _cby C. P. Kothandaram |
| 250 | _a2nd ed. | ||
| 260 |
_aNew Delhi _bNew-Age international _c1997 |
||
| 300 | _a906p. | ||
| 650 | 0 | _aHeat Transmission | |
| 942 | _cBK | ||